INTERNATIONAL ENCYCLOPEDIA of Sociology. (Record no. 798672)

MARC details
000 -LEADER
fixed length control field 00614nam a2200217Ia 4500
003 - CONTROL NUMBER IDENTIFIER
control field OSt
005 - DATE AND TIME OF LATEST TRANSACTION
control field 20220928133253.0
008 - FIXED-LENGTH DATA ELEMENTS--GENERAL INFORMATION
fixed length control field 220927b |||||||| |||| 00| 0 eng d
037 ## - SOURCE OF ACQUISITION
Terms of availability Reference Collections
040 ## - CATALOGING SOURCE
Original cataloging agency SDCL
Transcribing agency SDCL
Language of cataloging eng
041 ## - LANGUAGE CODE
Source of code eng
Language code of text/sound track or separate title eng
245 #0 - TITLE STATEMENT
Title INTERNATIONAL ENCYCLOPEDIA of Sociology.
260 ## - PUBLICATION, DISTRIBUTION, ETC.
Place of publication, distribution, etc. London
Name of publisher, distributor, etc. Fitzroy Dearborn
Date of publication, distribution, etc. 1995
490 ## - SERIES STATEMENT
Volume/sequential designation V2/ viii,781-1573p
942 ## - ADDED ENTRY ELEMENTS (KOHA)
Classification part Yk1, N95, N5.1-.2 RR
Koha item type Reference
Source of classification or shelving scheme Colon Classification (CC)
Holdings
Withdrawn status Lost status Damaged status Not for loan Home library Current library Date acquired Serial Enumeration / chronology Total Checkouts Full call number Barcode Date last seen Price effective from Koha item type
        South Campus Library South Campus Library 2022-09-28 V2/ viii,781-1573p   Yk1 N95 N5.1-.2 RR SC1183419 2022-09-28 2022-09-28 Reference
Copyright @ Delhi University Library System